| 000 | 00620nam a2200205 a 4500 | ||
|---|---|---|---|
| 005 | 20240315063659.0 | ||
| 008 | 140613s2004 mx r 000 0 spa d | ||
| 020 | _a9800104828 | ||
| 035 | _aUPN01000197852 | ||
| 049 | _aI | ||
| 050 | 4 |
_aPZ73 _bR5.3 |
|
| 100 | 1 |
_aRivero Oramas, Rafael, _d1904-1992 _931114 |
|
| 245 | 1 | 3 |
_aEl hombre, el tigre y la luna / _cRafael Rivero Oramas ; il. Amelie Areco. |
| 260 |
_aCaracas : _bMonte Avila, _c2004. |
||
| 300 |
_a[31] p. : _bil. col. |
||
| 440 | 0 |
_aPrimera dimensión. _pRoja |
|
| 650 | 4 |
_aCuentos infantiles venezolanos _910764 |
|
| 905 | _aInfantil | ||
| 999 |
_c169953 _d169953 |
||